000 01214nam a22003134a 4500
001 ebr10002167
003 CaPaEBR
006 m u
007 cr cn|||||||||
008 990811s2000 nyuaf sb 001 0 eng
010 _z 99044789
020 _z0387986502 (acid-free paper)
040 _aCaPaEBR
_cCaPaEBR
035 _a(OCoLC)70763922
050 1 4 _aQA451
_b.H37 2000eb
082 0 4 _a516
_221
100 1 _aHartshorne, Robin.
245 1 0 _aGeometry
_h[electronic resource] :
_bEuclid and beyond /
_cRobin Hartshorne.
260 _aNew York :
_bSpringer,
_cc2000.
300 _axi, 526 p., [2] p. of col. plates :
_bill.
490 1 _aUndergraduate texts in mathematics
504 _aIncludes bibliographical references (p. 495-501) and indexes.
533 _aElectronic reproduction.
_bPalo Alto, Calif. :
_cebrary,
_d2013.
_nAvailable via World Wide Web.
_nAccess may be limited to ebrary affiliated libraries.
650 0 _aGeometry.
655 7 _aElectronic books.
_2local
710 2 _aebrary, Inc.
830 0 _aUndergraduate texts in mathematics.
856 4 0 _uhttp://site.ebrary.com/lib/rucke/Doc?id=10002167
_zAn electronic book accessible through the World Wide Web; click to view
999 _c5369
_d5369